Starts with L, Ends with N Quiz Stats

 Plays Quiz not verified by Sporcle

Also try: Latin Phrases
Challenge
Share
Tweet
Embed
Score 0/50 Timer 08:00
0 Plays Today
% Correct
lesbian
87.8%
lemon
87.4%
London
86.8%
leprechaun
86.4%
loan
86.2%
Latin
86.1%
listen
86.1%
lawn
85.9%
Lutheran
85.3%
Lisbon
84.6%
Lincoln
84.6%
lion
84%
Lenin
84%
lantern
83.1%
louden
83%
lean
82.9%
liberation
82.3%
lesson
82.2%
learn
82%
liquidation
81.6%
liftman
80.7%
leathern
80.5%
lagoon
80.2%
lineman
79.8%
lotion
79.3%
% Correct
loosen
78.9%
linen
78.8%
lessen
78.7%
lockdown
78%
liken
76.9%
letterman
76.2%
layman
76.2%
lectern
75.8%
laceration
74.9%
Lyndon
74.7%
laden
74.5%
liven
73.8%
lichen
71.9%
lanolin
71.4%
locomotion
71.2%
lesion
70.1%
loon
69.3%
lexicon
68.4%
lien
63.7%
lighten
62.3%
lowdown
62.2%
lampoon
59.2%
lumen
55.1%
linden
47.5%
limen
39%

You're not logged in!

Compare scores with friends on all Sporcle quizzes.
OR
Log In

You Might Also Like...

Show Comments

Extras

Top Quizzes Today


Score Distribution

Your Account Isn't Verified!

In order to create a playlist on Sporcle, you need to verify the email address you used during registration. Go to your Sporcle Settings to finish the process.

Report this User

Report this user for behavior that violates our Community Guidelines.

Details: